[Event "Poikovsky Tournament 2019"]
[Site "Poikovsky RUS"]
[Date "2019.06.09"]
[Round "4"]
[White "Mamedov, Rauf"]
[Black "Jakovenko, Dmitry"]
[Result "1/2-1/2"]
[WhiteElo "2650"]
[BlackElo "2704"]
[PlyCount "51"]
[EventDate "2019.06.06"]

1. e4 e5 2. Nf3 Nc6 3. d4 exd4 4. Nxd4 Nf6 5. Nxc6 bxc6 6. e5 Qe7 7. Qe2 Nd5 8.
g3 g6 9. c4 Ba6 10. b3 Bg7 11. Bb2 O-O 12. Bg2 Rae8 13. O-O Bxe5 14. Qxe5 Qxe5
15. Bxe5 Rxe5 16. cxd5 Bxf1 17. Kxf1 cxd5 18. Na3 c6 19. Rd1 Rb8 20. Bf3 Rb6
21. Be2 Kf8 22. Nc2 Rb8 23. Rd4 Re4 24. Rd1 Re5 25. Rd4 Re4 26. Rd1 1/2-1/2

[Event "Poikovsky Tournament 2019"]
[Site "Poikovsky RUS"]
[Date "2019.06.09"]
[Round "4"]
[White "Artemiev, Vladislav"]
[Black "Korobov, Anton"]
[Result "1-0"]
[WhiteElo "2761"]
[BlackElo "2687"]
[PlyCount "73"]
[EventDate "2019.06.06"]

1. c4 e6 2. g3 Nf6 3. Bg2 d5 4. Nf3 Be7 5. O-O O-O 6. b3 d4 7. e3 c5 8. exd4
cxd4 9. Re1 Nc6 10. Bb2 Bd6 11. Nxd4 Nxd4 12. Bxd4 Bxg3 13. hxg3 Qxd4 14. Nc3
Ng4 15. Qf3 f5 16. Nb5 Qb6 17. Qf4 e5 18. Rxe5 Nxe5 19. Qxe5 Bd7 20. Nd6 Bc6
21. Bxc6 Qxc6 22. Qe6+ Kh8 23. Nf7+ Rxf7 24. Qxf7 Qe4 25. d3 Qxd3 26. Re1 h6
27. Qxb7 Rf8 28. Qxa7 f4 29. Qe7 Qf5 30. Re5 Qb1+ 31. Re1 Qf5 32. Qe4 Qh5 33.
Qd5 Qg6 34. Qf3 Kh7 35. Re5 Kh8 36. Re4 Qc6 37. Kg2 1-0

[Event "Poikovsky Tournament 2019"]
[Site "Poikovsky RUS"]
[Date "2019.06.09"]
[Round "4"]
[White "Fedoseev, Vladimir3"]
[Black "Sasikiran, Krishnan"]
[Result "1-0"]
[WhiteElo "2680"]
[BlackElo "2673"]
[PlyCount "92"]
[EventDate "2019.06.06"]

1. e4 e5 2. Nf3 Nc6 3. Bb5 a6 4. Ba4 Nf6 5. O-O Be7 6. d3 b5 7. Bb3 d6 8. Bd2
O-O 9. h3 Bb7 10. a3 Qd7 11. Nc3 Nd8 12. Ba2 c5 13. Nh2 Ne6 14. Ng4 Rae8 15.
Be3 Kh8 16. Kh2 Bd8 17. b4 cxb4 18. axb4 Ng8 19. Bd2 f5 20. exf5 Rxf5 21. Bd5
Ref8 22. Ne3 R5f7 23. Qg4 Bxd5 24. Nexd5 Nf6 25. Nxf6 Rxf6 26. Rxa6 d5 27. h4
Qc8 28. Rfa1 Rg6 29. Qh3 Rxf2 30. Bg5 h6 31. Nd1 Nxg5 32. hxg5 Qxh3+ 33. Kxh3
Rxa6 34. Rxa6 Rxc2 35. Ra8 Kh7 36. Rxd8 Rd2 37. Rxd5 Rxd1 38. Kg4 hxg5 39. Kxg5
Rb1 40. Rxb5 Rb3 41. g4 Rxd3 42. Rxe5 Rd4 43. b5 Kg8 44. Rc5 Rd6 45. Kf5 Rf6+
46. Ke4 Rb6 1-0

[Event "Poikovsky Tournament 2019"]
[Site "Poikovsky RUS"]
[Date "2019.06.09"]
[Round "4"]
[White "Kovalev, Vladislav"]
[Black "Wang, Hao"]
[Result "1/2-1/2"]
[WhiteElo "2661"]
[BlackElo "2737"]
[PlyCount "41"]
[EventDate "2019.06.06"]

1. e4 e5 2. Nf3 Nc6 3. Bb5 Nf6 4. O-O Nxe4 5. Re1 Nd6 6. Nxe5 Be7 7. Bf1 Nxe5
8. Rxe5 O-O 9. d4 Bf6 10. Re1 Re8 11. c3 Rxe1 12. Qxe1 Ne8 13. Bd3 d5 14. Bf4
g6 15. Nd2 Ng7 16. Nf3 c6 17. Qe2 Bg4 18. h3 Ne6 19. Bh2 Bxf3 20. Qxf3 Be7 21.
Be5 1/2-1/2

[Event "Poikovsky Tournament 2019"]
[Site "Poikovsky RUS"]
[Date "2019.06.09"]
[Round "4"]
[White "Esipenko, Andrey"]
[Black "Saric, Ivan"]
[Result "1/2-1/2"]
[WhiteElo "2611"]
[BlackElo "2680"]
[PlyCount "55"]
[EventDate "2019.06.06"]

1. e4 c5 2. Nf3 d6 3. Bb5+ Nd7 4. O-O a6 5. Bd3 Ngf6 6. Re1 e6 7. a4 Qc7 8. c3
d5 9. exd5 Nxd5 10. Bf1 Be7 11. a5 O-O 12. d3 b5 13. axb6 N7xb6 14. Nbd2 a5 15.
Nc4 a4 16. Nfe5 f6 17. Nxb6 Nxb6 18. Nc4 Bd7 19. g3 e5 20. Bg2 Rad8 21. h4 Kh8
22. Qe2 Rfe8 23. h5 h6 24. Rd1 Bf8 25. Qe4 Be6 26. Qe2 Bd7 27. Qe4 Be6 28. Qe2
1/2-1/2

[Event "Asian Continental Open 2019"]
[Site "Xingtai CHN"]
[Date "2019.06.08"]
[Round "2"]
[White "Xu, Yinglun"]
[Black "Vidit, Santosh Gujrathi"]
[Result "1/2-1/2"]
[WhiteElo "2548"]
[BlackElo "2707"]
[PlyCount "54"]
[EventDate "2019.06.07"]

1. d4 Nf6 2. c4 g6 3. Nc3 d5 4. Bg5 Bg7 5. Bxf6 Bxf6 6. cxd5 c5 7. dxc5 Nd7 8.
e3 O-O 9. Bc4 Nxc5 10. Nge2 Qa5 11. O-O Qb4 12. Bb3 Bg4 13. f3 Bd7 14. Kh1 Bb5
15. Nxb5 Qxb5 16. Nd4 Qb6 17. Qd2 Nxb3 18. Nxb3 Rfd8 19. e4 a5 20. Rac1 a4 21.
Nc5 Bxb2 22. Rb1 a3 23. Nd3 Ra5 24. Nxb2 Rb5 25. h3 axb2 26. Rf2 e6 27. a4 Rb3
1/2-1/2

[Event "Asian Continental Open 2019"]
[Site "Xingtai CHN"]
[Date "2019.06.09"]
[Round "3"]
[White "Vidit, Santosh Gujrathi"]
[Black "Liu, Yan"]
[Result "1/2-1/2"]
[WhiteElo "2707"]
[BlackElo "2504"]
[PlyCount "100"]
[EventDate "2019.06.07"]

1. d4 Nf6 2. c4 e6 3. g3 Bb4+ 4. Bd2 a5 5. Bg2 O-O 6. Nf3 b6 7. O-O Bb7 8. Bf4
Be7 9. Qc2 Be4 10. Qc1 Bb7 11. Nc3 Ne4 12. Nb5 c6 13. Nc3 Nxc3 14. Qxc3 d5 15.
cxd5 cxd5 16. Bc7 Qd7 17. Rfc1 Rc8 18. Ne5 Qe8 19. Qe3 b5 20. Bh3 Bf6 21. f4
Nc6 22. Bd6 Nxe5 23. fxe5 Be7 24. Rxc8 Rxc8 25. Rc1 Bd8 26. Bc5 Be7 27. Bxe7
Rxc1+ 28. Qxc1 Qxe7 29. e3 Qd7 30. a3 Qc6 31. Qd2 b4 32. axb4 axb4 33. Qxb4
Qc1+ 34. Bf1 Qxe3+ 35. Kg2 Qe4+ 36. Kf2 Bc8 37. Qc5 Bd7 38. b4 Qf5+ 39. Kg1 Qf3
40. Qc1 h5 41. Qd2 Qb3 42. Bd3 g6 43. Kg2 Kg7 44. Kh3 Qa4 45. Kh4 Bb5 46. Bxb5
Qxb5 47. Kg5 Qc4 48. g4 hxg4 49. Kxg4 Qb3 50. h4 Kg8 1/2-1/2

[Event "Norway Chess 2019"]
[Site "Stavanger NOR"]
[Date "2019.06.10"]
[Round "6"]
[White "Carlsen, Magnus"]
[Black "Ding, Liren"]
[Result "1/2-1/2"]
[WhiteElo "2875"]
[BlackElo "2805"]
[PlyCount "120"]
[EventDate "2019.06.04"]

1. c4 Nf6 2. g3 e5 3. Bg2 c6 4. d4 e4 5. Qb3 d5 6. Nc3 dxc4 7. Qxc4 b5 8. Qb3
Qxd4 9. Be3 Qb4 10. Bd2 Qxb3 11. axb3 Bf5 12. g4 Bxg4 13. Nxe4 Nxe4 14. Bxe4 g6
15. Bc3 Rg8 16. b4 a6 17. e3 Bg7 18. Ne2 Bxe2 19. Kxe2 Ra7 20. Bxg7 Rxg7 21.
Rhc1 Rc7 22. h4 Kd8 23. h5 Kc8 24. hxg6 fxg6 25. Rd1 Rge7 26. f3 Re6 27. Rh1
Kb7 28. Rh6 Rf7 29. Rah1 Ree7 30. Rc1 Kb6 31. Rh2 Re6 32. Rch1 Nd7 33. Rxh7
Rxh7 34. Rxh7 Nf6 35. Rh4 Nxe4 36. fxe4 c5 37. bxc5+ Kxc5 38. Kd3 g5 39. Rg4
Rg6 40. Kc3 a5 41. b4+ axb4+ 42. Kc2 Kc4 43. e5+ Kd5 44. Rxb4 g4 45. Rxb5+ Ke4
46. Rb4+ Kxe3 47. e6 Kf3 48. Rb3+ Kf2 49. Rb4 Kf3 50. Rb3+ Kf4 51. Rb4+ Kf5 52.
Rb5+ Kxe6 53. Kd3 g3 54. Rb6+ Kf5 55. Rxg6 Kxg6 56. Ke2 Kg5 57. Kf3 Kh4 58. Kg2
Kg4 59. Kg1 Kh3 60. Kh1 g2+ 1/2-1/2

[Event "Norway Chess 2019"]
[Site "Stavanger NOR"]
[Date "2019.06.10"]
[Round "6"]
[White "Anand, Viswanathan"]
[Black "Yu, Yangyi"]
[Result "1/2-1/2"]
[WhiteElo "2767"]
[BlackElo "2738"]
[PlyCount "61"]
[EventDate "2019.06.04"]

1. e4 e5 2. Nf3 Nf6 3. Nxe5 d6 4. Nf3 Nxe4 5. d4 d5 6. Bd3 Be7 7. O-O O-O 8.
Re1 Bf5 9. Nbd2 Nd6 10. Bxf5 Nxf5 11. Nf1 c6 12. Qd3 Nd6 13. Bf4 Na6 14. Ne3
Nc7 15. Re2 Ne6 16. Bxd6 Bxd6 17. g3 Qd7 18. Rae1 Rae8 19. b3 Nc7 20. c4 Bb4
21. Ra1 f6 22. a3 Be7 23. Rae1 Bd8 24. Kg2 Re6 25. cxd5 cxd5 26. Rc1 Rc6 27.
Rec2 Rxc2 28. Qxc2 Re8 29. Qc5 a6 30. a4 Re6 31. Qb4 1/2-1/2

[Event "Norway Chess 2019"]
[Site "Stavanger NOR"]
[Date "2019.06.10"]
[Round "6"]
[White "Aronian, Levon"]
[Black "So, Wesley"]
[Result "1/2-1/2"]
[WhiteElo "2752"]
[BlackElo "2754"]
[PlyCount "61"]
[EventDate "2019.06.04"]

1. c4 e5 2. d3 Nf6 3. Nf3 Nc6 4. a3 g6 5. Nc3 Bg7 6. e3 d5 7. cxd5 Nxd5 8. Bd2
O-O 9. Be2 Nxc3 10. Bxc3 a5 11. O-O a4 12. Rc1 Be6 13. Nd2 Na5 14. f4 Nb3 15.
Nxb3 Bxb3 16. Qe1 Re8 17. Qg3 exf4 18. Qxf4 Bxc3 19. Rxc3 Qe7 20. Bd1 Bxd1 21.
Rxc7 Qxe3+ 22. Qxe3 Rxe3 23. Rxd1 Rd8 24. Rxb7 Rexd3 25. Rxd3 Rxd3 26. Rb4 Rd2
27. h4 Kg7 28. Kh2 h5 29. Kg3 f6 30. Kf3 g5 31. hxg5 1/2-1/2

[Event "Norway Chess 2019"]
[Site "Stavanger NOR"]
[Date "2019.06.10"]
[Round "6"]
[White "Mamedyarov, Shakhriyar"]
[Black "Vachier-Lagrave, Maxime"]
[Result "1/2-1/2"]
[WhiteElo "2774"]
[BlackElo "2779"]
[PlyCount "62"]
[EventDate "2019.06.04"]

1. d4 Nf6 2. c4 g6 3. Nc3 d5 4. cxd5 Nxd5 5. g3 Bg7 6. Bg2 Nxc3 7. bxc3 c5 8.
Nf3 O-O 9. O-O cxd4 10. cxd4 Nc6 11. Rb1 Nxd4 12. Nxd4 Qxd4 13. Qxd4 Bxd4 14.
Bh6 Rd8 15. Bxb7 Rb8 16. Bxc8 Rbxc8 17. Rfc1 f6 18. Rxc8 Rxc8 19. Rc1 Rxc1+ 20.
Bxc1 Kf7 21. e4 Ke6 22. Kf1 Kd6 23. Ke2 Kc6 24. f3 e6 25. Kd3 Bc5 26. Kc4 f5
27. g4 fxe4 28. fxe4 a6 29. h3 Bb6 30. Bf4 Bc5 31. Bc1 Bb6 1/2-1/2

[Event "Norway Armageddon 2019"]
[Site "Stavanger NOR"]
[Date "2019.06.10"]
[Round "6"]
[White "Carlsen, Magnus"]
[Black "Ding, Liren"]
[Result "1-0"]
[WhiteElo "2875"]
[BlackElo "2805"]
[PlyCount "103"]
[EventDate "2019.06.04"]

1. e4 e5 2. Nf3 Nc6 3. Bb5 a6 4. Ba4 Nf6 5. d3 b5 6. Bb3 Bc5 7. c3 d6 8. Bg5 h6
9. Bh4 g5 10. Bg3 Bb6 11. Nbd2 Na5 12. Bc2 Nh5 13. a4 Rb8 14. b4 Nxg3 15. hxg3
Nc6 16. Nf1 Qf6 17. Qe2 Ne7 18. Ne3 h5 19. Bb3 c6 20. axb5 axb5 21. d4 g4 22.
dxe5 dxe5 23. Nh4 Qg5 24. O-O O-O 25. Rad1 Ra8 26. Kh2 Ra3 27. Qb2 Ra7 28. Rd6
Kg7 29. c4 Bc7 30. f4 gxf3 31. Rd3 fxg2 32. Kxg2 f6 33. c5 Rd8 34. Rxd8 Bxd8
35. Qe2 Ra3 36. Qd3 Bc7 37. Nef5+ Nxf5 38. Nxf5+ Kf8 39. Qc2 Qg4 40. Rf3 Bxf5
41. Rxf5 h4 42. Rxf6+ Kg7 43. Rf7+ Kg6 44. Qf2 Qxg3+ 45. Qxg3+ hxg3 46. Be6 Bd8
47. Kh3 Bg5 48. Rc7 Bf4 49. Rxc6 Kg5 50. Bf7 Bd2 51. Rg6+ Kf4 52. Rg4+ 1-0

[Event "Norway Armageddon 2019"]
[Site "Stavanger NOR"]
[Date "2019.06.10"]
[Round "6"]
[White "Anand, Viswanathan"]
[Black "Yu, Yangyi"]
[Result "0-1"]
[WhiteElo "2767"]
[BlackElo "2738"]
[PlyCount "96"]
[EventDate "2019.06.04"]

1. e4 e5 2. Bc4 Nf6 3. d3 c6 4. Nf3 d5 5. Bb3 a5 6. a3 Bd6 7. exd5 Nxd5 8. O-O
O-O 9. Re1 Bg4 10. Nbd2 Nd7 11. h3 Bh5 12. Ne4 Qc7 13. Ng3 Bg6 14. Nh4 Nc5 15.
Ba2 Ne6 16. Nxg6 hxg6 17. h4 Rae8 18. Ne4 f5 19. Ng5 Nxg5 20. Bxg5 Bc5 21. c3
Qf7 22. Qd2 a4 23. Qc2 e4 24. Qxa4 b5 25. Qc2 Kh8 26. b4 Ba7 27. c4 bxc4 28.
dxc4 Nf6 29. c5 Qc7 30. g3 Bb8 31. Rad1 Qc8 32. Qd2 f4 33. Bxf4 Qh3 34. f3 exf3
35. Qh2 Qxh2+ 36. Kxh2 Ng4+ 37. Kh1 Nf2+ 38. Kg1 Nxd1 39. Rxd1 Bxf4 40. gxf4
Re2 41. Bc4 Rg2+ 42. Kf1 Rxf4 43. Rd8+ Kh7 44. Bg8+ Kh6 45. Bd5 g5 46. hxg5+
Kxg5 47. Bxc6 Rc2 48. Rd3 Kg4 0-1

[Event "Norway Armageddon 2019"]
[Site "Stavanger NOR"]
[Date "2019.06.10"]
[Round "6"]
[White "Aronian, Levon"]
[Black "So, Wesley"]
[Result "1-0"]
[WhiteElo "2752"]
[BlackElo "2754"]
[PlyCount "93"]
[EventDate "2019.06.04"]

1. c4 e5 2. g3 Nf6 3. Nc3 Bb4 4. e4 O-O 5. Nge2 Nc6 6. Bg2 Bc5 7. O-O d6 8. d3
Bg4 9. Kh1 Bxe2 10. Qxe2 Nd4 11. Qd1 c6 12. f4 h6 13. Na4 Bb4 14. a3 Ba5 15.
Be3 b5 16. cxb5 cxb5 17. Nc3 Bb6 18. Rc1 a6 19. Bh3 Re8 20. g4 Ne6 21. Bxb6
Qxb6 22. g5 hxg5 23. Bxe6 fxe6 24. fxg5 Nh7 25. Qg4 Qe3 26. h4 Rf8 27. g6 Rxf1+
28. Rxf1 Nf8 29. h5 Qxd3 30. Kg2 Qd2+ 31. Rf2 Qe3 32. Nd1 Qc1 33. Qf3 Qg5+ 34.
Kf1 Qe7 35. Ke2 b4 36. a4 Nd7 37. Qf7+ Qxf7 38. Rxf7 Nc5 39. Nf2 Rf8 40. Rc7 b3
41. Ng4 Nxe4 42. h6 Ng3+ 43. Ke1 Nf5 44. hxg7 Nxg7 45. Nh6+ Kh8 46. Ra7 Nf5 47.
Rh7# 1-0

[Event "Norway Armageddon 2019"]
[Site "Stavanger NOR"]
[Date "2019.06.10"]
[Round "6"]
[White "Mamedyarov, Shakhriyar"]
[Black "Vachier-Lagrave, Maxime"]
[Result "1/2-1/2"]
[WhiteElo "2774"]
[BlackElo "2779"]
[PlyCount "114"]
[EventDate "2019.06.04"]

1. d4 Nf6 2. c4 g6 3. Nf3 Bg7 4. e3 O-O 5. Be2 b6 6. O-O Bb7 7. h3 e6 8. b3 d5
9. Nc3 Nbd7 10. Ba3 Re8 11. Rc1 a6 12. Qc2 dxc4 13. bxc4 c5 14. Rfd1 cxd4 15.
exd4 Rc8 16. Qb3 Qc7 17. Na4 Bc6 18. Nb2 Qb7 19. Bd6 b5 20. c5 Bd5 21. Qa3 Ne4
22. Bf4 Nb8 23. Ne5 Nc6 24. Nxc6 Bxc6 25. f3 b4 26. Qxa6 Nc3 27. Qxb7 Bxb7 28.
Bc4 Nxd1 29. Rxd1 Red8 30. Bd6 Bf8 31. Be5 Bxc5 32. Bf6 Ba7 33. Bxd8 Rxd8 34.
Kf1 Rxd4 35. Rxd4 Bxd4 36. Nd3 Bc3 37. Ke2 Kf8 38. Kd1 Bc6 39. Kc2 Ba4+ 40. Bb3
Bb5 41. a4 Ba6 42. a5 Ke7 43. Nc5 Bb5 44. Ba4 Bd4 45. Bxb5 Bxc5 46. Kb3 Kd6 47.
Kc4 g5 48. Be8 f6 49. Bf7 e5 50. Kd3 f5 51. Bg8 h6 52. Bh7 e4+ 53. fxe4 fxe4+
54. Kxe4 Kc6 55. Kf5 Kb5 56. Kg6 Kxa5 57. Kxh6 Be3 1/2-1/2

[Event "Norway Armageddon 2019"]
[Site "Stavanger NOR"]
[Date "2019.06.10"]
[Round "6"]
[White "Grischuk, Alexander"]
[Black "Caruana, Fabiano"]
[Result "0-1"]
[WhiteElo "2775"]
[BlackElo "2819"]
[PlyCount "34"]
[EventDate "2019.06.04"]

1. e4 e5 2. Nf3 Nc6 3. Bb5 a6 4. Ba4 Nf6 5. d3 d6 6. c3 g6 7. h3 Bg7 8. Be3 O-O
9. Nbd2 b5 10. Bc2 Bb7 11. O-O Nd7 12. a3 Ne7 13. d4 c5 14. Re1 Qc7 15. b4 c4
16. Qc1 d5 17. Bh6 Bxh6 0-1

[Event "Norway Chess 2019"]
[Site "Stavanger NOR"]
[Date "2019.06.12"]
[Round "7"]
[White "So, Wesley"]
[Black "Carlsen, Magnus"]
[Result "1/2-1/2"]
[WhiteElo "2754"]
[BlackElo "2875"]
[PlyCount "71"]
[EventDate "2019.06.04"]

1. e4 c5 2. Nf3 Nc6 3. d4 cxd4 4. Nxd4 Nf6 5. Nc3 e5 6. Ndb5 d6 7. Bg5 a6 8.
Na3 b5 9. Nd5 Be7 10. Bxf6 Bxf6 11. c3 O-O 12. Nc2 Rb8 13. h4 g6 14. g3 Bg7 15.
h5 Ne7 16. Nce3 Nxd5 17. Nxd5 Be6 18. Bh3 Bxd5 19. Qxd5 b4 20. c4 Qc7 21. O-O
Rb6 22. b3 Rd8 23. a4 bxa3 24. hxg6 hxg6 25. Rxa3 Qc5 26. Rfa1 Qxd5 27. cxd5
Bh6 28. Rxa6 Rxb3 29. Ra8 Rxa8 30. Rxa8+ Bf8 31. Bd7 Rb4 32. Ra4 Rb2 33. Ra7
Be7 34. Bc6 Kf8 35. Rb7 Rxb7 36. Bxb7 1/2-1/2

[Event "Norway Chess 2019"]
[Site "Stavanger NOR"]
[Date "2019.06.12"]
[Round "7"]
[White "Yu, Yangyi"]
[Black "Aronian, Levon"]
[Result "1/2-1/2"]
[WhiteElo "2738"]
[BlackElo "2752"]
[PlyCount "61"]
[EventDate "2019.06.04"]

1. e4 e5 2. Nf3 Nc6 3. Nc3 Nf6 4. d4 exd4 5. Nxd4 Bb4 6. Nxc6 bxc6 7. Bd3 d5 8.
exd5 O-O 9. O-O Bg4 10. f3 Bh5 11. dxc6 Qd4+ 12. Kh1 Bxc3 13. bxc3 Qxc3 14. Bf4
Qxc6 15. Qd2 Bg6 16. Rac1 Rfd8 17. Rfe1 a5 18. Be5 Nd5 19. a3 Qa4 20. Bxg6 hxg6
21. Qd3 Rd7 22. h3 Rad8 23. Qb3 Qxb3 24. cxb3 Rb8 25. Rc5 Rxb3 26. Rxa5 f6 27.
Bg3 Ne3 28. Bf4 Nc2 29. Rc1 Rxa3 30. Rxa3 Nxa3 31. Rxc7 1/2-1/2

[Event "Norway Chess 2019"]
[Site "Stavanger NOR"]
[Date "2019.06.12"]
[Round "7"]
[White "Ding, Liren"]
[Black "Mamedyarov, Shakhriyar"]
[Result "1-0"]
[WhiteElo "2805"]
[BlackElo "2774"]
[PlyCount "67"]
[EventDate "2019.06.04"]

1. d4 Nf6 2. c4 g6 3. f3 d5 4. cxd5 Nxd5 5. e4 Nb6 6. Nc3 Bg7 7. Be3 O-O 8. Qd2
e5 9. d5 c6 10. h4 cxd5 11. exd5 N8d7 12. h5 Nf6 13. hxg6 fxg6 14. O-O-O Bd7
15. Kb1 Rc8 16. d6 e4 17. fxe4 Ng4 18. Bg5 Qe8 19. Nf3 Rf7 20. Qe1 Rc5 21. Bd2
Be6 22. e5 Bxe5 23. Bd3 Na4 24. Nxe5 Rxe5 25. Qh4 Rh5 26. Qg3 Nxc3+ 27. Bxc3
Qa4 28. d7 Rd5 29. Bc2 Qxd7 30. Bb3 Rxd1+ 31. Rxd1 Qc8 32. Qh4 Nf6 33. Rd6 Bxb3
34. Rxf6 1-0

[Event "Norway Chess 2019"]
[Site "Stavanger NOR"]
[Date "2019.06.12"]
[Round "7"]
[White "Caruana, Fabiano"]
[Black "Anand, Viswanathan"]
[Result "1/2-1/2"]
[WhiteElo "2819"]
[BlackElo "2767"]
[PlyCount "135"]
[EventDate "2019.06.04"]

1. e4 e5 2. Nf3 Nc6 3. Bb5 a6 4. Ba4 Nf6 5. O-O Nxe4 6. d4 b5 7. Bb3 d5 8. dxe5
Be6 9. Be3 Be7 10. c3 O-O 11. Nbd2 Bg4 12. Re1 Nxd2 13. Bxd2 Qd7 14. h3 Bh5 15.
a4 b4 16. a5 bxc3 17. Bxc3 Rfd8 18. Rc1 Bxf3 19. Qxf3 Na7 20. Bc2 g6 21. Qg3
Qe6 22. Bd1 d4 23. Bd2 c5 24. Bg4 Qa2 25. e6 f6 26. Bf5 Qxb2 27. Rc2 Qb8 28.
Bf4 Qb4 29. Bxg6 Qxe1+ 30. Kh2 Rd5 31. Rc1 Rg5 32. Qf3 Qxe6 33. Qxa8+ Kg7 34.
Bd3 Qd5 35. Qxd5 Rxd5 36. Bxa6 c4 37. Bxc4 Rxa5 38. Bd3 Nb5 39. Rc6 Nc3 40. g4
Nd5 41. Bd6 Ra7 42. Be4 Rd7 43. Bg3 Nb4 44. Rc1 d3 45. Bf5 d2 46. Rd1 Rd4 47.
f4 Na2 48. Bf2 Rd8 49. Be3 Bb4 50. Kg2 Nc1 51. Kf3 Nb3 52. Bc2 Nd4+ 53. Bxd4
Rxd4 54. Ke3 Rc4 55. Bd3 Rc1 56. Ke2 h5 57. gxh5 Kh6 58. Bg6 Ba5 59. Be8 Rc7
60. Bg6 Re7+ 61. Kd3 Re1 62. Kc2 Re3 63. h4 Re1 64. Bf7 Kg7 65. Bg6 Bb4 66. Bd3
Re3 67. Rb1 Re1 68. Rd1 1/2-1/2

[Event "Norway Chess 2019"]
[Site "Stavanger NOR"]
[Date "2019.06.12"]
[Round "7"]
[White "Vachier-Lagrave, Maxime"]
[Black "Grischuk, Alexander"]
[Result "1/2-1/2"]
[WhiteElo "2779"]
[BlackElo "2775"]
[PlyCount "85"]
[EventDate "2019.06.04"]

1. e4 c5 2. Nf3 Nc6 3. Bb5 g6 4. Bxc6 dxc6 5. h3 e5 6. d3 f6 7. a3 Nh6 8. b4
Nf7 9. c3 a5 10. bxc5 Bxc5 11. d4 Bd6 12. a4 Qe7 13. O-O O-O 14. Re1 b5 15.
axb5 cxb5 16. Ba3 b4 17. Bxb4 Bxb4 18. cxb4 Qxb4 19. Ra4 Qb6 20. Nc3 Bd7 21.
Rc4 Be6 22. Na4 Qb5 23. Rc3 Qb4 24. dxe5 Nxe5 25. Nxe5 fxe5 26. Qc2 Rfc8 27.
Ree3 Rxc3 28. Rxc3 Rb8 29. Nc5 Rc8 30. Qc1 Bf7 31. Kh2 Rc6 32. f3 Kg7 33. Rc2
Qd4 34. Nb7 Rxc2 35. Qxc2 Qb6 36. Nc5 Qb4 37. Nd7 Qd6 38. Nc5 Qd4 39. Nb7 Qb6
40. Nc5 Qb4 41. Nd7 Qd6 42. Nc5 Qd4 43. Nb7 1/2-1/2

[Event "Norway Armageddon 2019"]
[Site "Stavanger NOR"]
[Date "2019.06.12"]
[Round "7"]
[White "So, Wesley"]
[Black "Carlsen, Magnus"]
[Result "1/2-1/2"]
[WhiteElo "2754"]
[BlackElo "2875"]
[PlyCount "71"]
[EventDate "2019.06.04"]

1. d4 Nf6 2. c4 g6 3. f3 d5 4. cxd5 Nxd5 5. e4 Nb6 6. Nc3 Bg7 7. Be3 O-O 8. Qd2
Nc6 9. O-O-O f5 10. e5 f4 11. Bf2 Nb4 12. a3 a5 13. h4 Be6 14. Nh3 Na2+ 15.
Nxa2 Bxa2 16. d5 Qxd5 17. Qxd5+ Nxd5 18. Re1 Rf5 19. Bd3 Rxe5 20. Rxe5 Bxe5 21.
h5 gxh5 22. Ng5 Nf6 23. Nxh7 Rd8 24. Bc2 Bf7 25. Ng5 Bd4 26. Be1 b6 27. Bh4
Be3+ 28. Kb1 Rd2 29. Nxf7 Kxf7 30. Bxf6 Kxf6 31. Rxh5 Rxg2 32. Rh6+ Ke5 33.
Rh5+ Kd6 34. Rh6+ Ke5 35. Rh5+ Kd6 36. Rh6+ 1/2-1/2

[Event "Norway Armageddon 2019"]
[Site "Stavanger NOR"]
[Date "2019.06.12"]
[Round "7"]
[White "Yu, Yangyi"]
[Black "Aronian, Levon"]
[Result "1/2-1/2"]
[WhiteElo "2738"]
[BlackElo "2752"]
[PlyCount "120"]
[EventDate "2019.06.04"]

1. d4 Nf6 2. c4 e6 3. Nc3 Bb4 4. Qc2 O-O 5. e4 d5 6. e5 Ne4 7. Bd3 c5 8. Nf3
cxd4 9. Nxd4 Nd7 10. Bf4 Qh4 11. g3 Qh5 12. cxd5 exd5 13. f3 Bxc3+ 14. bxc3
Nec5 15. g4 Qh4+ 16. Bg3 Qh6 17. Nf5 Qe6 18. O-O Nxe5 19. Nd4 Qh6 20. Bxh7+
Qxh7 21. Qxh7+ Kxh7 22. Bxe5 Re8 23. Bg3 Bd7 24. Rfe1 Na4 25. Rac1 Rac8 26.
Rxe8 Bxe8 27. Be1 Bd7 28. h4 b6 29. Bd2 Nb2 30. Re1 Re8 31. Rxe8 Bxe8 32. Kf2
Bd7 33. h5 f6 34. Kg3 Nc4 35. Bc1 Kg8 36. f4 Nd6 37. Kh4 Nb5 38. Ne2 Be6 39. f5
Bf7 40. a3 Kf8 41. a4 Nc7 42. Nd4 Be8 43. Bf4 Na6 44. Ne6+ Kf7 45. g5 fxg5+ 46.
Kxg5 Nc5 47. Nxc5 bxc5 48. a5 d4 49. cxd4 cxd4 50. Be5 d3 51. Bc3 a6 52. Kf4
Bd7 53. Kg5 Bc6 54. Kf4 Bd7 55. Bd2 Kf6 56. Bc3+ Kf7 57. Ke4 Bc8 58. Ke5 Bd7
59. Kf4 Bc8 60. Kg5 Bb7 1/2-1/2

[Event "Norway Armageddon 2019"]
[Site "Stavanger NOR"]
[Date "2019.06.12"]
[Round "7"]
[White "Caruana, Fabiano"]
[Black "Anand, Viswanathan"]
[Result "1-0"]
[WhiteElo "2819"]
[BlackElo "2767"]
[PlyCount "87"]
[EventDate "2019.06.04"]

1. e4 e5 2. Nf3 Nc6 3. Bc4 Bc5 4. c3 Nf6 5. d3 d6 6. Bg5 a6 7. a4 Ba7 8. Nbd2
h6 9. Bh4 Qe7 10. b4 g5 11. Bg3 Nh5 12. b5 Nd8 13. bxa6 bxa6 14. Rb1 Qf6 15. d4
Nxg3 16. hxg3 g4 17. Nh4 exd4 18. cxd4 Bxd4 19. O-O O-O 20. Kh1 c6 21. f4 d5
22. Bd3 Qg7 23. e5 f5 24. Qc2 Qf7 25. Nb3 Be3 26. Rfe1 Ba7 27. a5 Be6 28. Nc5
Bxc5 29. Qxc5 Re8 30. Rb6 Qf8 31. Qc2 Ra7 32. Bxf5 Bxf5 33. Nxf5 h5 34. Nh4 Rg7
35. f5 Qa3 36. Kh2 Qxa5 37. Rbb1 Qc7 38. e6 Qe7 39. Qc3 Rf8 40. Rb8 c5 41. Qe5
d4 42. Qd5 Kh7 43. Re5 Qf6 44. Ng6 1-0

[Event "Norway Armageddon 2019"]
[Site "Stavanger NOR"]
[Date "2019.06.12"]
[Round "7"]
[White "Vachier-Lagrave, Maxime"]
[Black "Grischuk, Alexander"]
[Result "1-0"]
[WhiteElo "2779"]
[BlackElo "2775"]
[PlyCount "69"]
[EventDate "2019.06.04"]

1. Nf3 Nf6 2. c4 g6 3. g3 Bg7 4. Bg2 c6 5. d4 d5 6. cxd5 cxd5 7. Ne5 Ne4 8. Nd2
Nf6 9. Qa4+ Bd7 10. Qb3 Nc6 11. Ndf3 Na5 12. Qa3 O-O 13. Bd2 Nc6 14. O-O Ne4
15. Bf4 Nxe5 16. Nxe5 Bb5 17. Rfe1 Rc8 18. Rac1 Rxc1 19. Rxc1 Bxe2 20. Qxa7 Ba6
21. b4 Qe8 22. Nc6 g5 23. Be3 Nd6 24. a4 bxc6 25. Qxa6 Nc4 26. Rxc4 dxc4 27.
Bxc6 Qb8 28. Qxc4 Rc8 29. a5 Qc7 30. a6 e6 31. b5 Qa5 32. Kg2 h6 33. d5 exd5
34. Qxd5 Rd8 35. Qxd8+ 1-0

[Event "Norway Chess 2019"]
[Site "Stavanger NOR"]
[Date "2019.06.13"]
[Round "8"]
[White "Carlsen, Magnus"]
[Black "Yu, Yangyi"]
[Result "1-0"]
[WhiteElo "2875"]
[BlackElo "2738"]
[PlyCount "87"]
[EventDate "2019.06.04"]

1. d4 d5 2. c4 c6 3. Nf3 Nf6 4. Nc3 dxc4 5. e4 b5 6. Be2 b4 7. e5 bxc3 8. exf6
exf6 9. bxc3 Bd6 10. O-O O-O 11. Nd2 Re8 12. Re1 Nd7 13. Nxc4 Bc7 14. Bf3 Ba6
15. Ne3 Nb6 16. Ba3 Nc4 17. Qd3 Rxe3 18. Rxe3 Nxe3 19. Qxa6 Nc2 20. Rd1 Nxa3
21. Qxa3 Qd6 22. Qxd6 Bxd6 23. c4 Rc8 24. c5 Be7 25. Kf1 f5 26. Ke2 g5 27. h3
Kg7 28. Kd3 Kg6 29. Rb1 h5 30. Rb7 Bf6 31. Rd7 g4 32. Bd1 Kg5 33. Ba4 f4 34. f3
Re8 35. fxg4 hxg4 36. hxg4 Re6 37. Bd1 Re3+ 38. Kc4 a5 39. Bf3 Ra3 40. Bxc6
Rxa2 41. Be4 a4 42. c6 Ra1 43. c7 a3 44. Kb3 1-0

[Event "Norway Chess 2019"]
[Site "Stavanger NOR"]
[Date "2019.06.13"]
[Round "8"]
[White "Aronian, Levon"]
[Black "Caruana, Fabiano"]
[Result "0-1"]
[WhiteElo "2752"]
[BlackElo "2819"]
[PlyCount "82"]
[EventDate "2019.06.04"]

1. c4 e5 2. g3 Nf6 3. Nc3 Bb4 4. e4 Bxc3 5. dxc3 d6 6. Qc2 O-O 7. Nf3 Be6 8.
Ng5 Bd7 9. f3 a5 10. Nh3 a4 11. Nf2 Nc6 12. Be2 Na5 13. b4 axb3 14. axb3 Nc6
15. Rb1 Be6 16. Nd1 Ne7 17. O-O c6 18. Bg5 Nd7 19. Qd2 h6 20. Be3 Nf6 21. Nf2
d5 22. Rfd1 Qc7 23. Bc5 b6 24. Bxe7 Qxe7 25. cxd5 cxd5 26. exd5 Bxd5 27. c4 Bc6
28. Qe3 Ra2 29. Ra1 Rxa1 30. Rxa1 Nd7 31. Bd3 f5 32. Bc2 e4 33. fxe4 Ne5 34.
Bd1 fxe4 35. Be2 Nf3+ 36. Bxf3 Rxf3 37. Qxb6 Qf6 38. Rd1 e3 39. Ng4 Qe6 40.
Qb8+ Kh7 41. Ne5 Qh3 0-1